00716nam a2200193 i 450000100060000000300090000600500170001500700030003200800410003510000320007624501190010826000370022730000210026470000260028574000400031185200320035199900170038395201220040031130ES-MaACL20230906154322.0t|030128s1970 sp ||||1| spa d1 aBaudelaire, Charles.92651313aUn comedor de opio b: ; Los fantasmas de Thomas de Quincey / cCharles Baudelaire ; traducción de Carmen Artal. aBarcelona : bTusquets, c[1970] a86 p. ; c18 cm.1 aArtal, Carmen.9234174 aLos fantasmas de Thomas de Quincey. aES-MaACLjC-50740 bR.75257 c31130d31130 00104070aATENEOMbATENEOMcDEPO2d2008-01-17eSCl0oC-50740p1032160r2023-02-23 00:00:00w2023-02-23yMONOGRAFIA